=LDR 00000nam 2200000 4500 =001 INLIS000000000053961 =005 20190509094556 =035 ##$$a 0010-0519000023 =007 ta =008 190509###########################0#ind## =082 ##$$a 651 =084 ##$$a 651 ORV b =100 #$$a Orville Elliot,C. =245 1#$$a Business information processing system : $b an introducing to data processing /$c C. Orville Elliot, Ph.D.,CPA.,CDP. , Robert S. Wasley, P.Hd. =260 ##$$a Illinois :$b Richard D. Irwin,$c 1971 =300 ##$$a xiv, 608 hlm. ; $c 21 cm. =650 ##$$a Organisasi dan manajemen =700 #$$a Robert S. Wasley =990 ##$$a 08880888 =990 ##$$a 02201900888